Twilight of the godlings (Record no. 4804)

MARC details
000 -CABECERA
campo de control de longitud fija 03327nam a2200361 i 4500
001 - NÚMERO DE CONTROL
campo de control on1371817441
003 - IDENTIFICADOR DEL NÚMERO DE CONTROL
campo de control OCoLC
005 - FECHA Y HORA DE LA ÚLTIMA TRANSACCIÓN
campo de control 20250626104331.0
008 - DATOS DE LONGITUD FIJA--INFORMACIÓN GENERAL
campo de control de longitud fija 221011t20232023enkaf b 001 0 eng
010 ## - NÚMERO DE CONTROL DE LA BIBLIOTECA DEL CONGRESO
Número de control de LC 2022048879
020 ## - NÚMERO INTERNACIONAL ESTÁNDAR DEL LIBRO
Número Internacional Estándar del Libro 9781009330367
035 ## - NÚMERO DE CONTROL DEL SISTEMA
Número de control de sistema (OCoLC)1371817441
Número de control cancelado/no válido (OCoLC)1356572098
040 ## - FUENTE DE LA CATALOGACIÓN
Centro catalogador/agencia de origen DLC
Lengua de catalogación eng
Normas de descripción rda
Centro/agencia transcriptor DLC
Centro/agencia modificador UKMGB
-- YDX
-- OCLCF
-- PTS
-- P$H
-- UOH
041 ## - CÓDIGO DE LENGUA
Código de lengua del texto/banda sonora o título independiente eng
042 ## - CÓDIGO DE AUTENTICACIÓN
Código de autenticación pcc
043 ## - CÓDIGO DE ÁREA GEOGRÁFICA
Código de área geográfica e-uk---
050 00 - SIGNATURA TOPOGRÁFICA DE LA BIBLIOTECA DEL CONGRESO
Número de clasificación BL980.G7
Número de documento/Ítem Y68 2023
090 ## - LOCALMENTE ASIGNADO TIPO-LC NÚMERO DE CLASIFICACIÓN (OCLC); NÚMERO DE CLASIFICACIÓN LOCAL (RLIN)
Número de clasificación (OCLC) (R) ; Numero de clasificación, CALL (RLIN) (NR) BL980 .G7Y68 2023
100 ## - ENTRADA PRINCIPAL--NOMBRE DE PERSONA
Nombre de persona Young, Francis
Fechas asociadas al nombre 1981-
Término indicativo de función/relación author
9 (RLIN) 25603
245 10 - MENCIÓN DE TÍTULO
Título Twilight of the godlings
Resto del título : the shadowy beginnings of Britain's supernatural beings
Mención de responsabilidad, etc. / Francis Young.
246 30 - FORMA VARIANTE DE TÍTULO
Título propio/Titulo breve Godlings.
246 30 - FORMA VARIANTE DE TÍTULO
Título propio/Titulo breve Shadowy beginnings of Britain's supernatural beings.
260 ## - PUBLICACIÓN, DISTRIBUCIÓN, ETC.
Lugar de publicación, distribución, etc. Cambridge :
-- New York, NY :
Nombre del editor, distribuidor, etc. Cambridge University Press,
Fecha de publicación, distribución, etc. 2023.
300 ## - DESCRIPCIÓN FÍSICA
Extensión xviii, 365 pages, 16 unnumbered pages of plates :
Otras características físicas illustrations ;
Dimensiones 22 cm.
504 ## - NOTA DE BIBLIOGRAFÍA, ETC.
Nota de bibliografía, etc. Includes bibliographical references (pages 322-348) and index.
505 0# - NOTA DE CONTENIDO CON FORMATO
Nota de contenido con formato Supernatural beings: The search for origins — Pt. 1. A world full of small gods: Understanding Godlings — Pt. 2. Menagerie of the divine: Godlings — Pt. 3. The nymph and the cross: Godlings and Christianisation — Pt. 4. Furies, elves and giants: Godlings in early medieval Britain — Pt. 5. The fairy synthesis: Godlings in later medieval Britain — The fairy legacy — The classicising legacy — Almost human, not quite divine.
520 ## - SUMARIO, ETC.
Sumario, etc. Throughout the recorded history of Britain, belief in earthbound spirits presiding over nature, the home and human destiny has been a feature of successive cultures. From the localised deities of Britannia to the Anglo-Saxons' elves and the fairies of late medieval England, Britain's godlings have populated a shadowy, secretive realm of ritual and belief running parallel to authorised religion. Twilight of the Godlings delves deep into the elusive history of these supernatural beings, tracing their evolution from the pre-Roman Iron Age to the end of the Middle Ages. Arguing that accreted cultural assumptions must be cast aside in order to understand the godlings – including the cherished idea that these folkloric creatures are the decayed remnants of pagan gods and goddesses – this bold, revisionist book traces Britain's 'small gods' to a popular religiosity influenced by classical learning. It offers an exciting new way of grasping the island's most mysterious mythical inhabitants.<br/><br/>needed the holistic history of Britain's small gods which arguably the field has long been looking for — consistently brings new and exciting interpretations to folkloric questions about origins which have been long contested — explores Britain's godlings in the longue durée of the millennium between the Claudian and Norman invasions, and into the High Middle Ages up to around 1400 — moves dexterously beyond the usual 'Celtic myth', pointing instead to Roman paganism as the most likely cultural background of the godlings — mandatory reading for scholars in folklore, history, mythology, religion and the history of ideas.
650 #0 - PUNTO DE ACCESO ADICIONAL DE MATERIA--TÉRMINO DE MATERIA
Término de materia o nombre geográfico como elemento de entrada Mythology, British
9 (RLIN) 25604
650 #0 - PUNTO DE ACCESO ADICIONAL DE MATERIA--TÉRMINO DE MATERIA
Término de materia o nombre geográfico como elemento de entrada Nature
Subdivisión general Religious aspects
9 (RLIN) 25605
651 #0 - PUNTO DE ACCESO ADICIONAL DE MATERIA--NOMBRE GEOGRÁFICO
Nombre geográfico Great Britain
Subdivisión general Religion
9 (RLIN) 25606
776 08 - ENTRADA DE FORMULARIO FÍSICO ADICIONAL
Información de relación/Frase instructiva de referencia ebook version :
Número Internacional Estándar del Libro 9781009330343.
942 ## - ELEMENTOS DE ENTRADA AGREGADA (KOHA)
Fuente del sistema de clasificación o colocación Clasificación de Library of Congress
Holdings
Estado de retiro Estado de pérdida Fuente del sistema de clasificación o colocación Estado dañado No para préstamo Biblioteca de origen Biblioteca actual Fecha de adquisición Total de préstamos Signatura topográfica completa Código de barras Fecha visto por última vez Número de copia Precio válido a partir de Tipo de ítem Koha
    Clasificación de Library of Congress     TBS Barcelona TBS Barcelona 26/06/2025   BL980.G7 YOU B05860 26/06/2025 1 26/06/2025 Book

Powered by Koha